[Event "VII Torneo Banco di Roma A"]
[Site "Roma ITA"]
[Date "1983.02.??"]
[Round "1"]
[White "Benko, Pal C."]
[Black "Martin Gonzalez, Angel"]
[Result "0-1"]
[WhiteElo "2470"]
[BlackElo "2410"]
[PlyCount "62"]
[EventDate "1983.02.19"]

1. b3 e5 2. Bb2 Nc6 3. c4 Nf6 4. e3 d5 5. cxd5 Nxd5 6. a3 f5 7. Qc2 Qf6 8. Nf3
Bd6 9. Nc3 Nb6 10. Nb5 a6 11. Nxd6+ cxd6 12. d4 Be6 13. dxe5 dxe5 14. Rc1 O-O
15. Be2 Rac8 16. Qb1 f4 17. exf4 Qxf4 18. O-O Bd5 19. Rcd1 e4 20. Nd4 Ne5 21.
Bc1 Qh4 22. f4 exf3 23. Bxf3 Nxf3+ 24. Nxf3 Qg4 25. h3 Qg3 26. Qd3 Rcd8 27. Qc2
Rc8 28. Qd3 Rc6 29. Ne1 Rxf1+ 30. Qxf1 Rxc1 31. Rxc1 Qe3+ 0-1

[Event "VII Torneo Banco di Roma A"]
[Site "Roma ITA"]
[Date "1983.02.??"]
[Round "1"]
[White "Lobron, Eric"]
[Black "Gheorghiu, Florin"]
[Result "1/2-1/2"]
[WhiteElo "2515"]
[BlackElo "2495"]
[PlyCount "57"]
[EventDate "1983.02.19"]

1. e4 c5 2. Nf3 e6 3. d4 cxd4 4. Nxd4 a6 5. Bd3 Nf6 6. O-O d6 7. c4 b6 8. Nc3
Bb7 9. Be3 Nbd7 10. Rc1 Nc5 11. f3 Nxd3 12. Qxd3 Nd7 13. Rfd1 Rc8 14. Qe2 Qc7
15. Qf2 Be7 16. Qg3 g6 17. Bg5 Bxg5 18. Qxg5 Qd8 19. Qg3 Qe7 20. Nc2 Rxc4 21.
Rxd6 O-O 22. Rcd1 Rc7 23. Ne3 h5 24. h4 Rfc8 25. Qg5 Kf8 26. Qh6+ Kg8 27. Qg5
Kf8 28. Qh6+ Kg8 29. Qg5 1/2-1/2

[Event "VII Torneo Banco di Roma A"]
[Site "Roma ITA"]
[Date "1983.02.??"]
[Round "1"]
[White "Messa, Roberto"]
[Black "Pinter, Jozsef"]
[Result "0-1"]
[WhiteElo "2275"]
[BlackElo "2535"]
[PlyCount "62"]
[EventDate "1983.02.19"]

1. e4 e5 2. Nf3 Nc6 3. Bc4 Bc5 4. c3 d6 5. O-O Nf6 6. d3 O-O 7. Nbd2 a6 8. Bb3
Ba7 9. Re1 Be6 10. Nc4 h6 11. a4 Qd7 12. a5 Rad8 13. Be3 Rfe8 14. Bxa7 Nxa7 15.
Ba4 c6 16. Ne3 Nc8 17. b4 Ne7 18. Qc2 Ng6 19. d4 Qc7 20. d5 Bd7 21. c4 Rc8 22.
Rac1 cxd5 23. Nxd5 Nxd5 24. exd5 Bxa4 25. Qxa4 Nf4 26. Qd1 e4 27. Nd4 Nd3 28.
Nf5 Nxe1 29. Qg4 g6 30. Rxe1 h5 31. Qg5 Re5 0-1

[Event "VII Torneo Banco di Roma A"]
[Site "Roma ITA"]
[Date "1983.02.??"]
[Round "1"]
[White "Tatai, Stefano"]
[Black "Bellon Lopez, Juan Manuel"]
[Result "1-0"]
[WhiteElo "2435"]
[BlackElo "2425"]
[PlyCount "67"]
[EventDate "1983.02.19"]

1. d4 Nf6 2. c4 c5 3. d5 b5 4. cxb5 a6 5. e3 e6 6. dxe6 fxe6 7. Nc3 d5 8. Nf3
Bd6 9. e4 Bc7 10. e5 Ne4 11. Nxe4 dxe4 12. Qxd8+ Bxd8 13. Ng5 Ba5+ 14. Bd2
Bxd2+ 15. Kxd2 O-O 16. Ke3 Rf5 17. Nxe4 axb5 18. Bxb5 Ba6 19. a4 Rxe5 20. f4
Rd5 21. Rhc1 Bxb5 22. axb5 Rxa1 23. Rxa1 c4 24. Nc3 Rd3+ 25. Ke2 Kf7 26. Ra7+
Kg6 27. Rc7 Rd6 28. Rxc4 Kf5 29. Ke3 Rb6 30. Rc5+ Kf6 31. Na4 Rb7 32. b6 Na6
33. Ra5 Nb4 34. Nc5 1-0

[Event "VII Torneo Banco di Roma A"]
[Site "Roma ITA"]
[Date "1983.02.??"]
[Round "2"]
[White "Martin Gonzalez, Angel"]
[Black "Lobron, Eric"]
[Result "0-1"]
[WhiteElo "2410"]
[BlackElo "2515"]
[PlyCount "126"]
[EventDate "1983.02.19"]

1. e4 c6 2. d4 d5 3. Nc3 dxe4 4. Nxe4 Bf5 5. Ng3 Bg6 6. h4 h6 7. Nf3 Nd7 8. h5
Bh7 9. Bd3 Bxd3 10. Qxd3 Ngf6 11. Bf4 e6 12. O-O-O Be7 13. Ne5 a5 14. Kb1 a4
15. a3 O-O 16. Ne4 Nxe4 17. Qxe4 Nf6 18. Qe2 Qd5 19. g4 Qe4 20. Qd2 Nd5 21. Bg3
Bg5 22. f3 Qxe5 23. dxe5 Bxd2 24. Rxd2 b5 25. Rc1 Rfb8 26. Rd3 c5 27. c4 bxc4
28. Rxc4 Ra5 29. Bf2 Rab5 30. Rd2 Rb3 31. Bxc5 Rxf3 32. Rdc2 Kh7 33. Ka2 Ra8
34. Rd2 g5 35. hxg6+ Kxg6 36. Rdd4 Rf2 37. Re4 Rg2 38. Kb1 Rb8 39. Bd4 Ra8 40.
Bc5 Ra5 41. Bd6 Rb5 42. Rc2 Rg3 43. Ka2 Ne3 44. Rd2 Nxg4 45. Rxa4 h5 46. Rb4
Ra5 47. Rdd4 Ra7 48. Rb8 h4 49. Rh8 h3 50. Rxh3 Rxh3 51. Rxg4+ Kf5 52. Rb4 Rd3
53. a4 Ra6 54. Bc7 Rd7 55. Rc4 Ra8 56. Bd6 f6 57. Ka3 fxe5 58. Bb4 e4 59. a5 e3
60. Ka4 e2 61. Bc3 Rd3 62. Be1 Rd1 63. Bc3 Ra1+ 0-1

[Event "VII Torneo Banco di Roma A"]
[Site "Roma ITA"]
[Date "1983.02.??"]
[Round "2"]
[White "Pinter, Jozsef"]
[Black "Tatai, Stefano"]
[Result "1-0"]
[WhiteElo "2535"]
[BlackElo "2435"]
[PlyCount "191"]
[EventDate "1983.02.19"]

1. Nf3 Nf6 2. c4 e6 3. Nc3 c5 4. e3 Nc6 5. d4 d5 6. cxd5 exd5 7. Be2 cxd4 8.
Nxd4 Bd6 9. O-O O-O 10. Bf3 Be5 11. Qd3 h6 12. b3 Nxd4 13. exd4 Bd6 14. Re1 Be6
15. Nb5 Bb8 16. g3 a6 17. Nc3 Bd6 18. Na4 Bd7 19. Nc5 Bc6 20. Bd2 Re8 21. Rxe8+
Qxe8 22. Re1 Qf8 23. Rc1 Qe7 24. Re1 Qf8 25. Be3 b6 26. Na4 Qd8 27. Bg2 Bb5 28.
Qb1 Rc8 29. Rc1 Rxc1+ 30. Qxc1 Qc7 31. Nc3 Bc6 32. Bf1 Bb7 33. Na4 Qd8 34. f3
Nd7 35. Bh3 b5 36. Nb2 Ba3 37. Qd2 Bxb2 38. Qxb2 Nb6 39. Qc3 Bc8 40. Bf1 Nd7
41. Qc6 Nf6 42. Bd2 Qe8 43. Qa8 g5 44. g4 Kg7 45. Bd3 Qe6 46. Qb8 Qc6 47. Qe5
Qe8 48. Qg3 Nh7 49. h4 f6 50. Kf2 Qc6 51. hxg5 Nxg5 52. Qh2 Qb6 53. Ke2 Be6 54.
Qf4 Bf7 55. Kd1 b4 56. Qe3 a5 57. Kc2 Qc7+ 58. Kb2 Bg6 59. Bxg6 Kxg6 60. f4 Ne4
61. f5+ Kf7 62. Qxh6 Qg3 63. Qh7+ Kf8 64. Bh6+ Ke8 65. Qg8+ Kd7 66. Qxd5+ Nd6
67. Qe6+ Kc7 68. d5 Qh2+ 69. Kb1 Qxh6 70. Qe7+ Kc8 71. Qxd6 Qh1+ 72. Kc2 Qe4+
73. Kd2 Qd4+ 74. Ke2 Qxg4+ 75. Ke3 Qxf5 76. Qa6+ Kd7 77. Qb7+ Kd8 78. Qa8+ Kd7
79. Qb7+ Kd8 80. Qb8+ Kd7 81. Kd4 Qf2+ 82. Kc4 Qxa2 83. Qb7+ Ke8 84. Qc8+ Kf7
85. Qe6+ Kg7 86. d6 a4 87. Qe7+ Kg6 88. Qe4+ f5 89. Qe6+ Kg5 90. Kb5 Qh2 91. d7
Qb8+ 92. Qb6 Qe5+ 93. Ka6 Qe2+ 94. Kb7 Qe4+ 95. Qc6 Qe7 96. Kc8 1-0

[Event "VII Torneo Banco di Roma A"]
[Site "Roma ITA"]
[Date "1983.02.??"]
[Round "2"]
[White "Toth, Bela"]
[Black "Messa, Roberto"]
[Result "1-0"]
[WhiteElo "2375"]
[BlackElo "2275"]
[PlyCount "75"]
[EventDate "1983.02.19"]

1. d4 Nf6 2. Nf3 g6 3. Bg5 Bg7 4. Nbd2 d5 5. e3 O-O 6. Bd3 c5 7. c3 b6 8. a4
Bb7 9. Qb1 Nc6 10. O-O Qd7 11. b4 Nh5 12. bxc5 e5 13. Bb5 f6 14. Bh4 e4 15. Ne1
g5 16. Bg3 Nxg3 17. hxg3 bxc5 18. Nb3 cxd4 19. cxd4 Rab8 20. Nc5 Qd6 21. Qa2
Kh8 22. Nc2 f5 23. Qa3 Bc8 24. Rab1 Ne7 25. Na6 Qxa3 26. Nxa3 Rb6 27. Nc5 f4
28. Bd7 Nf5 29. Bxf5 Bxf5 30. a5 Rh6 31. Rb7 f3 32. Rfb1 Bg4 33. Nc2 fxg2 34.
Ne1 Rh1+ 35. Kxg2 Rxe1 36. Rxe1 Bf3+ 37. Kf1 Rf6 38. Re2 1-0

[Event "VII Torneo Banco di Roma A"]
[Site "Roma ITA"]
[Date "1983.02.??"]
[Round "2"]
[White "Velikov, Petar V."]
[Black "Gheorghiu, Florin"]
[Result "1/2-1/2"]
[WhiteElo "2475"]
[BlackElo "2495"]
[PlyCount "27"]
[EventDate "1983.02.19"]

1. d4 Nf6 2. Nf3 g6 3. c4 Bg7 4. Nc3 O-O 5. Bg5 c5 6. d5 d6 7. e4 e6 8. Be2 h6
9. Bf4 exd5 10. exd5 Nh5 11. Bd2 f5 12. O-O Nd7 13. Ne1 Ne5 14. Qc1 1/2-1/2

[Event "VII Torneo Banco di Roma A"]
[Site "Roma ITA"]
[Date "1983.02.??"]
[Round "3"]
[White "Lobron, Eric"]
[Black "Bellon Lopez, Juan Manuel"]
[Result "1-0"]
[WhiteElo "2515"]
[BlackElo "2425"]
[PlyCount "107"]
[EventDate "1983.02.19"]

1. Nf3 Nf6 2. g3 d5 3. Bg2 Bf5 4. O-O e6 5. d3 c6 6. Nbd2 h6 7. b3 Be7 8. Bb2
O-O 9. c4 Bh7 10. Rc1 a5 11. a3 Nbd7 12. Rc2 Qb6 13. Qa1 Ne8 14. Bh3 Rd8 15.
cxd5 exd5 16. Rfc1 Bf6 17. Nd4 Nb8 18. Nf1 Nd6 19. Ne3 h5 20. Ng2 Rfe8 21. Nf4
Bg6 22. Nxg6 fxg6 23. Ne6 Bxb2 24. Qxb2 Rd7 25. e3 Rf7 26. Ng5 Rf6 27. e4 dxe4
28. dxe4 Nf7 29. Nxf7 Rxf7 30. Re2 Na6 31. e5 Nc5 32. Qc2 Ne6 33. Qxg6 Nd4 34.
Re3 Rxe5 35. Rxe5 Nf3+ 36. Kh1 Nxe5 37. Qxh5 Re7 38. Re1 Qd4 39. Qf5 Qd5+ 40.
Bg2 Qxb3 41. h3 Nf3 42. Rb1 Re1+ 43. Rxe1 Nxe1 44. Be4 Qxa3 45. Qe6+ Kf8 46.
Qc8+ Ke7 47. Qxb7+ Kd8 48. Qb6+ Ke7 49. Qc7+ Kf8 50. Qd8+ Kf7 51. Qd7+ Kf8 52.
Bxc6 Qe7 53. Qf5+ Qf7 54. Qxa5 1-0

[Event "VII Torneo Banco di Roma A"]
[Site "Roma ITA"]
[Date "1983.02.??"]
[Round "3"]
[White "Messa, Roberto"]
[Black "Velikov, Petar V."]
[WhiteElo "2275"]
[BlackElo "2475"]
[Result "1/2-1/2"]
[PlyCount "78"]
[EventDate "1983.02.19"]

1. e4 c5 2. Nf3 e6 3. d3 Nc6 4. g3 d5 5. Nbd2 Nf6 6. Bg2 Be7 7. O-O b6 8. Re1
Qc7 9. c3 Ba6 10. exd5 Nxd5 11. Ne5 Bb7 12. Ndc4 O-O 13. Qe2 Rad8 14. f4 b5 15.
Nxc6 Bxc6 16. Ne5 Bb7 17. a4 b4 18. c4 Nb6 19. b3 Nd7 20. Bb2 Bxg2 21. Kxg2
Nxe5 22. Bxe5 Qc6+ 23. Kg1 Rfe8 24. Rad1 Rd7 25. Qe4 Qxe4 26. dxe4 Red8 27.
Rxd7 Rxd7 28. Kf2 Bf6 29. Bxf6 gxf6 30. g4 Kg7 31. Ke3 Kg6 32. Rg1 e5 33. fxe5
fxe5 34. g5 h6 35. gxh6+ Kxh6 36. Rf1 Kg6 37. Rg1+ Kf6 38. Rf1+ Kg6 39. Rg1+
Kf6 1/2-1/2

[Event "VII Torneo Banco di Roma A"]
[Site "Roma ITA"]
[Date "1983.02.??"]
[Round "3"]
[White "Tatai, Stefano"]
[Black "Toth, Bela"]
[Result "1/2-1/2"]
[WhiteElo "2435"]
[BlackElo "2375"]
[PlyCount "27"]
[EventDate "1983.02.19"]

1. d4 Nf6 2. c4 e6 3. Nc3 d5 4. Bg5 Be7 5. e3 O-O 6. Nf3 Nbd7 7. Rc1 c6 8. Bd3
dxc4 9. Bxc4 Nd5 10. Bxe7 Qxe7 11. Ne4 b6 12. O-O Bb7 13. Qe2 e5 14. dxe5
1/2-1/2

[Event "VII Torneo Banco di Roma A"]
[Site "Roma ITA"]
[Date "1983.02.??"]
[Round "4"]
[White "Bellon Lopez, Juan Manuel"]
[Black "Gheorghiu, Florin"]
[Result "1/2-1/2"]
[WhiteElo "2425"]
[BlackElo "2495"]
[PlyCount "28"]
[EventDate "1983.02.19"]

1. e4 c5 2. Nf3 e6 3. d4 cxd4 4. Nxd4 a6 5. c4 Nf6 6. Nc3 Qc7 7. Be3 Bb4 8. Bd3
Bxc3+ 9. bxc3 d6 10. f4 Nbd7 11. O-O Nc5 12. e5 Nfd7 13. exd6 Qxd6 14. Bc2 b6
1/2-1/2

[Event "VII Torneo Banco di Roma A"]
[Site "Roma ITA"]
[Date "1983.02.??"]
[Round "4"]
[White "Messa, Roberto"]
[Black "Tatai, Stefano"]
[WhiteElo "2275"]
[BlackElo "2435"]
[Result "1/2-1/2"]
[PlyCount "46"]
[EventDate "1983.02.19"]

1. g3 g6 2. Bg2 Bg7 3. e4 e5 4. Ne2 Nc6 5. c4 d6 6. Nbc3 Nh6 7. d3 f5 8. h4 Nf7
9. Nd5 O-O 10. h5 g5 11. exf5 Bxf5 12. Ne3 Be6 13. Nc3 Nh6 14. g4 Qd7 15. f3
Nd4 16. Ne4 Qd8 17. Nd5 Bxd5 18. cxd5 Bf6 19. Be3 c6 20. O-O Kh8 21. Qd2 Rg8
22. Rac1 c5 23. Rfe1 Nb5 1/2-1/2

[Event "VII Torneo Banco di Roma A"]
[Site "Roma ITA"]
[Date "1983.02.??"]
[Round "4"]
[White "Toth, Bela"]
[Black "Benko, Pal C."]
[Result "1-0"]
[WhiteElo "2375"]
[BlackElo "2470"]
[PlyCount "79"]
[EventDate "1983.02.19"]

1. d4 Nf6 2. c4 e6 3. Nc3 Bb4 4. Qc2 c5 5. dxc5 Na6 6. a3 Qa5 7. Bd2 Nxc5 8.
Rd1 Bxc3 9. Bxc3 Qa4 10. Qxa4 Nxa4 11. Bd4 b6 12. Nf3 d6 13. b3 Nc5 14. Nd2 e5
15. Bb2 Bf5 16. b4 Na4 17. Ba1 Ke7 18. f3 Rhc8 19. e4 Be6 20. Be2 a5 21. Kf2
axb4 22. axb4 Nd7 23. Rb1 b5 24. Rhc1 f6 25. cxb5 Ba2 26. Rxc8 Rxc8 27. Rd1
Ndb6 28. Nf1 Bb3 29. Rb1 Ba2 30. Re1 d5 31. exd5 Nxd5 32. Ne3 Nxb4 33. Nf5+ Kf8
34. Rd1 Be6 35. Ne3 Ke7 36. Rb1 Nd5 37. Nxd5+ Bxd5 38. Bd3 h6 39. Bb2 Ke6 40.
Bc1 1-0

[Event "VII Torneo Banco di Roma A"]
[Site "Roma ITA"]
[Date "1983.02.??"]
[Round "4"]
[White "Velikov, Petar V."]
[Black "Martin Gonzalez, Angel"]
[Result "0-1"]
[WhiteElo "2475"]
[BlackElo "2410"]
[PlyCount "82"]
[EventDate "1983.02.19"]

1. c4 g6 2. Nc3 c5 3. g3 Bg7 4. Bg2 Nc6 5. a3 d6 6. Rb1 a5 7. e3 e5 8. d3 Nge7
9. Nge2 O-O 10. Nd5 Nxd5 11. cxd5 Ne7 12. b4 cxb4 13. axb4 a4 14. O-O b5 15. d4
Bb7 16. e4 Nc8 17. Be3 Nb6 18. dxe5 Bxe5 19. f4 Nc4 20. Bd4 Bxd4+ 21. Qxd4 Bc8
22. Rfc1 Bd7 23. Nc3 Re8 24. Bf1 Rc8 25. Ra1 Qb6 26. Qxb6 Nxb6 27. Kf2 Rc7 28.
Bd3 Rec8 29. Na2 Nc4 30. Rc2 Ne5 31. Rxc7 Nxd3+ 32. Ke3 Rxc7 33. Kxd3 Kf8 34.
Rb1 Rc4 35. Rb2 Bh3 36. Rf2 Ke7 37. Ke3 Bg4 38. Rd2 Bh3 39. Rd1 Bg2 40. Rd4 Rc2
41. Rd2 Bxe4 0-1

[Event "VII Torneo Banco di Roma A"]
[Site "Roma ITA"]
[Date "1983.02.??"]
[Round "5"]
[White "Benko, Pal C."]
[Black "Messa, Roberto"]
[Result "1-0"]
[WhiteElo "2470"]
[BlackElo "2275"]
[PlyCount "79"]
[EventDate "1983.02.19"]

1. c4 g6 2. g3 Bg7 3. Bg2 e5 4. Nc3 d6 5. d3 Nc6 6. Rb1 f5 7. e3 Nf6 8. Nge2
O-O 9. O-O Be6 10. Nd5 Rb8 11. Nec3 Ne7 12. Qa4 c6 13. Nxf6+ Bxf6 14. Bd2 d5
15. cxd5 Nxd5 16. Rfd1 Nb6 17. Qc2 Qe7 18. b4 Rbc8 19. a3 g5 20. Ne2 Rfd8 21.
Bc3 Nd5 22. Ba1 f4 23. e4 g4 24. d4 f3 25. dxe5 Bg5 26. exd5 cxd5 27. Qd3 fxe2
28. Qxe2 Rc4 29. Bd4 b6 30. Be3 d4 31. Bxg5 Qxg5 32. Be4 Rc3 33. a4 Bc4 34. Qe1
Ra3 35. Rbc1 Bb3 36. Rd3 Kh8 37. e6 Qe5 38. Bc6 Qxe1+ 39. Rxe1 Bxa4 40. e7 1-0

[Event "VII Torneo Banco di Roma A"]
[Site "Roma ITA"]
[Date "1983.02.??"]
[Round "5"]
[White "Gheorghiu, Florin"]
[Black "Pinter, Jozsef"]
[Result "1/2-1/2"]
[WhiteElo "2495"]
[BlackElo "2535"]
[PlyCount "56"]
[EventDate "1983.02.19"]

1. e4 e5 2. Nf3 Nc6 3. Bb5 a6 4. Ba4 Nf6 5. O-O Be7 6. Re1 b5 7. Bb3 O-O 8. c3
d6 9. h3 Nb8 10. d4 Nbd7 11. Nbd2 Bb7 12. Bc2 Re8 13. Nf1 Bf8 14. Ng3 g6 15. a4
c5 16. d5 h6 17. b3 Nb6 18. a5 Nbd7 19. Be3 Bg7 20. Qd2 Kh7 21. b4 Rc8 22. Rac1
cxb4 23. cxb4 Qc7 24. Bd3 Qb8 25. Rxc8 Rxc8 26. Rc1 Rxc1+ 27. Qxc1 Qc8 28. Qxc8
Bxc8 1/2-1/2

[Event "VII Torneo Banco di Roma A"]
[Site "Roma ITA"]
[Date "1983.02.??"]
[Round "5"]
[White "Lobron, Eric"]
[Black "Toth, Bela"]
[Result "0-1"]
[WhiteElo "2515"]
[BlackElo "2375"]
[PlyCount "66"]
[EventDate "1983.02.19"]

1. e4 e5 2. Nf3 Nf6 3. Nxe5 d6 4. Nf3 Nxe4 5. d4 d5 6. Bd3 Be7 7. O-O Nc6 8.
Re1 Bg4 9. c4 Nf6 10. Nc3 O-O 11. cxd5 Nxd5 12. h3 Be6 13. Qc2 h6 14. Bh7+ Kh8
15. Bf5 Ncb4 16. Qb1 Bxf5 17. Qxf5 Nf6 18. Bf4 Nbd5 19. Be5 c6 20. Rad1 Kg8 21.
Nh2 Qc8 22. Qf3 Qd7 23. Nf1 Rfe8 24. Ne3 Bf8 25. Re2 Rad8 26. Nf5 Re6 27. Rde1
Nh7 28. Ne4 Ng5 29. Qg4 Rg6 30. Nc5 Bxc5 31. dxc5 h5 32. Qxh5 Qxf5 33. Kh1 Rh6
0-1

[Event "VII Torneo Banco di Roma A"]
[Site "Roma ITA"]
[Date "1983.02.??"]
[Round "5"]
[White "Martin Gonzalez, Angel"]
[Black "Bellon Lopez, Juan Manuel"]
[Result "1/2-1/2"]
[WhiteElo "2410"]
[BlackElo "2425"]
[PlyCount "38"]
[EventDate "1983.02.19"]

1. d4 d5 2. c4 c6 3. cxd5 cxd5 4. Nc3 Nc6 5. Nf3 Nf6 6. Bf4 e6 7. e3 Bd6 8.
Bxd6 Qxd6 9. Bd3 O-O 10. O-O Bd7 11. Rc1 Rac8 12. Qe2 a6 13. a3 e5 14. dxe5
Nxe5 15. Nxe5 Qxe5 16. Qf3 Bc6 17. Qg3 Qxg3 18. hxg3 Ne4 19. Nxe4 dxe4 1/2-1/2

[Event "VII Torneo Banco di Roma A"]
[Site "Roma ITA"]
[Date "1983.02.??"]
[Round "5"]
[White "Tatai, Stefano"]
[Black "Velikov, Petar V."]
[Result "1/2-1/2"]
[WhiteElo "2435"]
[BlackElo "2475"]
[PlyCount "29"]
[EventDate "1983.02.19"]

1. d4 d5 2. c4 dxc4 3. Nf3 Nf6 4. e3 e6 5. Bxc4 a6 6. O-O c5 7. Qe2 Nc6 8. Nc3
b5 9. Bb3 Bb7 10. Rd1 Na5 11. Bc2 Qb6 12. dxc5 Bxc5 13. a3 Be7 14. e4 Rc8 15.
Ne5 1/2-1/2

[Event "VII Torneo Banco di Roma A"]
[Site "Roma ITA"]
[Date "1983.02.??"]
[Round "6"]
[White "Messa, Roberto"]
[Black "Lobron, Eric"]
[Result "0-1"]
[WhiteElo "2275"]
[BlackElo "2515"]
[PlyCount "58"]
[EventDate "1983.02.19"]

1. e4 g6 2. d4 Bg7 3. Nc3 d6 4. g3 Nc6 5. d5 Ne5 6. f4 Nd7 7. Bg2 c6 8. Be3
cxd5 9. exd5 Ngf6 10. Nge2 O-O 11. h3 Nc5 12. O-O Bd7 13. Nd4 Qc7 14. Qd2 Rfc8
15. Rae1 Be8 16. f5 Ncd7 17. fxg6 hxg6 18. Bh6 Ne5 19. Bxg7 Kxg7 20. Nf5+ gxf5
21. Rxe5 dxe5 22. Qg5+ Kh8 23. Rxf5 Nh7 24. Qh4 f6 25. Qh6 Qb6+ 26. Kh2 Rc4 27.
Ne4 Bf7 28. d6 Rxc2 29. dxe7 Qxb2 0-1

[Event "VII Torneo Banco di Roma A"]
[Site "Roma ITA"]
[Date "1983.02.??"]
[Round "6"]
[White "Toth, Bela"]
[Black "Gheorghiu, Florin"]
[Result "1/2-1/2"]
[WhiteElo "2375"]
[BlackElo "2495"]
[PlyCount "90"]
[EventDate "1983.02.19"]

1. d4 Nf6 2. c4 e6 3. Nc3 Bb4 4. Qc2 c5 5. dxc5 O-O 6. a3 Bxc5 7. Nf3 b6 8. Bg5
Bb7 9. e4 h6 10. Bh4 Be7 11. Rd1 Nh5 12. Bxe7 Qxe7 13. Be2 Nf4 14. O-O d6 15.
Rfe1 Nc6 16. Bf1 Rfd8 17. Qd2 Ng6 18. Nd4 Nxd4 19. Qxd4 Bc6 20. Rd2 Qg5 21. f3
Ne5 22. Kh1 Rac8 23. Qf2 Qf6 24. Red1 Be8 25. Rd4 Qf4 26. Qd2 Qxd2 27. R1xd2
Kf8 28. f4 Nc6 29. Rxd6 Rxd6 30. Rxd6 Na5 31. Rd4 Nb3 32. Rd1 Na5 33. Rd4 Nb3
34. Rd1 Na5 35. Nb5 Bxb5 36. cxb5 Ke7 37. b4 Nc4 38. Rc1 Nd6 39. Rxc8 Nxc8 40.
e5 f5 41. g3 Kf7 42. Bc4 Ne7 43. Kg2 g5 44. h3 Ng6 45. Kf3 h5 1/2-1/2

[Event "VII Torneo Banco di Roma A"]
[Site "Roma ITA"]
[Date "1983.02.??"]
[Round "6"]
[White "Velikov, Petar V."]
[Black "Bellon Lopez, Juan Manuel"]
[Result "1-0"]
[WhiteElo "2475"]
[BlackElo "2425"]
[PlyCount "69"]
[EventDate "1983.02.19"]

1. d4 Nf6 2. Nf3 c5 3. c3 b6 4. dxc5 bxc5 5. e4 e6 6. e5 Nd5 7. Na3 Be7 8. Bd3
Ba6 9. Be4 Nc6 10. Bxd5 exd5 11. Qxd5 O-O 12. Bf4 Rb8 13. Nc4 Nd4 14. Nxd4 cxd4
15. Qxd4 d5 16. exd6 Bf6 17. Qd5 Re8+ 18. Be3 Qd7 19. O-O Bb7 20. Qd3 Bxg2 21.
f3 Bh3 22. Bf4 Bf5 23. Qd2 Be6 24. Ne3 h5 25. b3 g5 26. Nd5 Bxd5 27. Bxg5 Kh7
28. Qxd5 Bxg5 29. c4 Kh6 30. f4 Bh4 31. Kh1 Re2 32. Rg1 Qh3 33. Rg2 Rbe8 34.
Rag1 Bg3 35. Qg5+ 1-0

[Event "VII Torneo Banco di Roma A"]
[Site "Roma ITA"]
[Date "1983.02.??"]
[Round "7"]
[White "Bellon Lopez, Juan Manuel"]
[Black "Pinter, Jozsef"]
[Result "1/2-1/2"]
[WhiteElo "2425"]
[BlackElo "2535"]
[PlyCount "28"]
[EventDate "1983.02.19"]

1. e4 e5 2. Nf3 Nc6 3. Nc3 Nf6 4. d4 exd4 5. Nd5 Be7 6. Bf4 d6 7. Nxd4 O-O 8.
Nb5 Nxd5 9. exd5 Ne5 10. Qd2 c6 11. Nc3 Bg4 12. h3 Bh5 13. Be2 Bxe2 14. Qxe2
Ng6 1/2-1/2

[Event "VII Torneo Banco di Roma A"]
[Site "Roma ITA"]
[Date "1983.02.??"]
[Round "7"]
[White "Gheorghiu, Florin"]
[Black "Messa, Roberto"]
[Result "1-0"]
[WhiteElo "2495"]
[BlackElo "2275"]
[PlyCount "67"]
[EventDate "1983.02.19"]

1. d4 Nf6 2. c4 g6 3. Nc3 Bg7 4. e4 d6 5. f3 Nc6 6. Nge2 O-O 7. Be3 a6 8. a3
Bd7 9. b4 Qb8 10. Nc1 b5 11. cxb5 axb5 12. Nb3 e5 13. d5 Ne7 14. Be2 Nh5 15.
O-O f5 16. Qd2 Nf6 17. Na5 f4 18. Bf2 Qe8 19. Qd3 Rb8 20. a4 bxa4 21. b5 g5 22.
Nc6 Nxc6 23. bxc6 Bc8 24. Nb5 Ba6 25. Rfb1 Qg6 26. Rxa4 Bxb5 27. Rxb5 h5 28.
Rb7 Rbc8 29. Raa7 Ne8 30. Be1 Bf6 31. Ba5 Rf7 32. Qb1 Qg7 33. Rb8 Rxb8 34. Qxb8
1-0

[Event "VII Torneo Banco di Roma A"]
[Site "Roma ITA"]
[Date "1983.02.??"]
[Round "7"]
[White "Lobron, Eric"]
[Black "Tatai, Stefano"]
[Result "0-1"]
[WhiteElo "2515"]
[BlackElo "2435"]
[PlyCount "80"]
[EventDate "1983.02.19"]

1. g3 g6 2. Bg2 Bg7 3. c4 Nf6 4. Nc3 O-O 5. e4 e5 6. Nge2 Nc6 7. O-O d6 8. d3
Ne8 9. Be3 f5 10. exf5 Bxf5 11. h3 Nf6 12. Qd2 Kh8 13. d4 Qe7 14. Rae1 Qf7 15.
d5 Na5 16. b3 h5 17. f4 Qd7 18. fxe5 dxe5 19. Kh2 b6 20. Ng1 Rae8 21. Nf3 Nb7
22. Bg1 Nh7 23. Nh4 Bf6 24. Ne4 Bxh4 25. gxh4 Nd6 26. Ng5 Nxg5 27. hxg5 Kh7 28.
Qc3 Nf7 29. Qg3 h4 30. Qxh4+ Kg7 31. Qg3 Rh8 32. Be3 Rh5 33. Rf3 Reh8 34. Ref1
Kg8 35. Rxf5 gxf5 36. g6 Nh6 37. Kg1 f4 38. Bxf4 exf4 39. Rxf4 Rf5 40. d6 Qxd6
0-1

[Event "VII Torneo Banco di Roma A"]
[Site "Roma ITA"]
[Date "1983.02.??"]
[Round "7"]
[White "Martin Gonzalez, Angel"]
[Black "Toth, Bela"]
[Result "0-1"]
[WhiteElo "2410"]
[BlackElo "2375"]
[PlyCount "84"]
[EventDate "1983.02.19"]

1. e4 e5 2. Bc4 Nc6 3. Nf3 Bc5 4. b4 Bxb4 5. c3 Ba5 6. d4 Qe7 7. O-O Bb6 8. a4
a6 9. dxe5 Nxe5 10. Nxe5 Qxe5 11. Qb3 Qh5 12. Nd2 Ne7 13. Ba3 Nc6 14. e5 Nxe5
15. Rfe1 d6 16. Nf3 f6 17. a5 Ba7 18. Bd5 Rb8 19. Nd4 Kd8 20. Ra2 Nd3 21. Bf7
Qg5 22. Re3 Nf4 23. g3 Nh3+ 24. Kf1 Bxd4 25. cxd4 Qb5+ 26. Qxb5 axb5 27. Rae2
Ng5 28. Bd5 Bh3+ 29. Kg1 Bg4 30. f3 Bh5 31. h4 Bf7 32. Bb3 Bxb3 33. Rxb3 Nf7
34. Rxb5 Kd7 35. Reb2 Ra8 36. Bb4 Rhb8 37. Bd2 Nd8 38. d5 Ra6 39. Rb1 Rba8 40.
Re1 c6 41. dxc6+ bxc6 42. Rb3 c5 0-1

[Event "VII Torneo Banco di Roma A"]
[Site "Roma ITA"]
[Date "1983.02.??"]
[Round "8"]
[White "Benko, Pal C."]
[Black "Lobron, Eric"]
[Result "1/2-1/2"]
[WhiteElo "2470"]
[BlackElo "2515"]
[PlyCount "227"]
[EventDate "1983.02.19"]

1. Nf3 Nf6 2. c4 c5 3. Nc3 e6 4. g3 b6 5. Bg2 Bb7 6. O-O Be7 7. b3 O-O 8. Bb2
Nc6 9. e3 Re8 10. d4 cxd4 11. Nxd4 Qc8 12. Ndb5 Qb8 13. Ne4 Nxe4 14. Bxe4 a6
15. Nd4 Nxd4 16. Bxb7 Qxb7 17. Qxd4 Bf8 18. Rfd1 Red8 19. a4 Rac8 20. e4 Rc6
21. Qe3 h6 22. Rd3 Bc5 23. Bd4 Be7 24. h4 b5 25. axb5 axb5 26. c5 b4 27. e5 Qb5
28. Rc1 Rdc8 29. Kh2 Bxc5 30. Bxc5 Rxc5 31. Rxc5 Rxc5 32. Rxd7 Rxe5 33. Rd8+
Kh7 34. Qd3+ Qxd3 35. Rxd3 Re2 36. Kg2 Rb2 37. h5 g6 38. hxg6+ Kxg6 39. Kf3 Rc2
40. Ke3 Kf5 41. Rd4 Rc3+ 42. Rd3 Rxd3+ 43. Kxd3 Kg4 44. Kc4 Kf3 45. Kxb4 Kxf2
46. Kc4 Kf3 47. b4 e5 48. b5 e4 49. b6 e3 50. b7 e2 51. b8=Q e1=Q 52. Qf4+ Kg2
53. Qxf7 Qc1+ 54. Kb5 Kxg3 55. Ka6 Qa3+ 56. Kb6 Qe3+ 57. Ka6 Qe2+ 58. Ka5 h5
59. Qg6+ Kf2 60. Qb6+ Qe3 61. Qb2+ Kg3 62. Qg7+ Kh2 63. Qc7+ Kh3 64. Qd7+ Kh4
65. Qd1 Qe5+ 66. Ka6 Kg5 67. Qg1+ Kf6 68. Qf2+ Kg6 69. Qc2+ Qf5 70. Qh2 Qf6+
71. Kb5 h4 72. Kc4 Qe6+ 73. Kb5 Kh5 74. Qf4 Qd5+ 75. Kb6 h3 76. Ka7 Qg5 77. Qe4
Qg7+ 78. Kb8 Qg3+ 79. Ka7 Qf2+ 80. Ka6 Kg5 81. Qe5+ Kg4 82. Qg7+ Kf3 83. Qf6+
Kg2 84. Qg5+ Kh2 85. Qe5+ Kg1 86. Qg5+ Qg2 87. Qe3+ Kh2 88. Qe5+ Qg3 89. Qe2+
Kg1 90. Qd1+ Kg2 91. Qd2+ Qf2 92. Qg5+ Kh1 93. Qd5+ Qg2 94. Qd1+ Kh2 95. Qd6+
Kg1 96. Qc5+ Kf1 97. Qc1+ Ke2 98. Qc4+ Ke3 99. Qc5+ Ke4 100. Qe7+ Kd5 101. Qf7+
Kc5 102. Qe7+ Kc4 103. Qe6+ Kc3 104. Qe3+ Kc2 105. Qc5+ Kd1 106. Qd4+ Qd2 107.
Qa4+ Kc1 108. Qa1+ Kc2 109. Qa2+ Kd3 110. Qd5+ Kc3 111. Qa5+ Kc2 112. Qa2+ Kd1
113. Qb3+ Qc2 114. Qxh3 1/2-1/2